<?xml version="1.0" encoding="UTF-8"?>
<marc:record xmlns:marc="http://www.loc.gov/MARC21/slim">
   <marc:leader>00000nam a2200000 a 4500</marc:leader>
   <marc:datafield ind1="1" ind2=" " tag="100">
      <marc:subfield code="a">Bonnet, Sophie</marc:subfield>
      <marc:subfield code="4">aut</marc:subfield>
      <marc:subfield code="e">Verfasser/-in</marc:subfield>
   </marc:datafield>
   <marc:datafield ind1=" " ind2=" " tag="653">
      <marc:subfield code="a">Spannung</marc:subfield>
   </marc:datafield>
   <marc:datafield ind1=" " ind2=" " tag="653">
      <marc:subfield code="a">Urlaubskrimi</marc:subfield>
   </marc:datafield>
   <marc:datafield ind1=" " ind2=" " tag="653">
      <marc:subfield code="a">Spiegel-Bestseller-Autorin</marc:subfield>
   </marc:datafield>
   <marc:datafield ind1=" " ind2=" " tag="653">
      <marc:subfield code="a">Jean-Luc Bannalec</marc:subfield>
   </marc:datafield>
   <marc:datafield ind1=" " ind2=" " tag="653">
      <marc:subfield code="a">Spannungsroman</marc:subfield>
   </marc:datafield>
   <marc:datafield ind1=" " ind2=" " tag="653">
      <marc:subfield code="a">Urlaubslektüre</marc:subfield>
   </marc:datafield>
   <marc:datafield ind1=" " ind2=" " tag="653">
      <marc:subfield code="a">Kulinarischer Krimi</marc:subfield>
   </marc:datafield>
   <marc:datafield ind1=" " ind2=" " tag="653">
      <marc:subfield code="a">Frankreich Krimi</marc:subfield>
   </marc:datafield>
   <marc:datafield ind1=" " ind2=" " tag="653">
      <marc:subfield code="a">Taschenbuch Neuerscheinung 2021</marc:subfield>
   </marc:datafield>
   <marc:datafield ind1=" " ind2=" " tag="653">
      <marc:subfield code="a">Krimireihe</marc:subfield>
   </marc:datafield>
   <marc:datafield ind1=" " ind2=" " tag="653">
      <marc:subfield code="a">Pierre Martin</marc:subfield>
   </marc:datafield>
   <marc:datafield ind1="0" ind2="0" tag="245">
      <marc:subfield code="a">Provenzalischer Stolz</marc:subfield>
   </marc:datafield>
   <marc:datafield ind1="0" ind2="0" tag="245">
      <marc:subfield code="b">Ein Fall für Pierre Durand</marc:subfield>
   </marc:datafield>
   <marc:datafield ind1="0" ind2="0" tag="245">
      <marc:subfield code="c">Sophie Bonnet</marc:subfield>
   </marc:datafield>
   <marc:datafield ind1=" " ind2="1" tag="264">
      <marc:subfield code="a">München</marc:subfield>
      <marc:subfield code="b">Blanvalet</marc:subfield>
      <marc:subfield code="c">2021</marc:subfield>
   </marc:datafield>
   <marc:datafield ind1="1" ind2=" " tag="490">
      <marc:subfield code="a">Ein Fall für Pierre Durand</marc:subfield>
      <marc:subfield code="v">7</marc:subfield>
   </marc:datafield>
   <marc:datafield ind1="1" ind2=" " tag="520">
      <marc:subfield code="a">Angaben aus der Verlagsmeldung&lt;br/&gt;&lt;br/&gt;Provenzalischer Stolz : Ein Fall für Pierre Durand / von Sophie Bonnet&lt;br/&gt;&lt;br/&gt;Einsame Lagunen, alte Fischerdörfer und eine finstere Prophezeiung  Pierre Durand ermittelt in der malerischen Camargue.&lt;br/&gt;&lt;br/&gt;Die Angst geht um in der Camargue. Während Pierre Durand in einem Hausboot durch das Rhônedelta fährt, um über seine berufliche Zukunft nachzudenken, verbreitet sich ein Kettenbrief mit einer Weissagung, die den Tod dreier Sünder ankündigt. Tatsächlich wird kurz darauf ein Toter mit geschwärztem Gesicht aufgefunden. Es handelt sich um einen Kriminalbeamten, der verdeckt im Milieu der »gens du voyage« ermittelt hatte. Doch es gibt einen Zeugen, der sich an Bord von Pierres Hausboot versteckt und behauptet, sein Gedächtnis verloren zu haben. Der Präfekt bittet den ehemaligen Dorfpolizisten um Unterstützung. Mit Hilfe einer »gitane« versucht Pierre, dem Geheimnis der Kettenbriefe auf die Spur zu kommen. Alles deutet auf einen Konflikt zwischen den Kulturen hin, doch ein weiterer Mord rückt die Verbrechen in ein neues Licht. Pierre erkennt, dass er auf seine Intuition vertrauen muss, um zu verhindern, dass sich auch noch der letzte Teil der Prophezeiung erfüllt &lt;br/&gt;&lt;br/&gt;Die »Pierre Durand«-Reihe:&lt;br/&gt;&lt;br/&gt;Band 1: Provenzalische Verwicklungen&lt;br/&gt;&lt;br/&gt;Band 2: Provenzalische Geheimnisse&lt;br/&gt;&lt;br/&gt;Band 3: Provenzalische Intrige&lt;br/&gt;&lt;br/&gt;Band 4: Provenzalisches Feuer&lt;br/&gt;&lt;br/&gt;Band 5: Provenzalische Schuld&lt;br/&gt;&lt;br/&gt;Band 6: Provenzalischer Rosenkrieg&lt;br/&gt;&lt;br/&gt;Band 7: Provenzalischer Stolz&lt;br/&gt;&lt;br/&gt;Band 8: Provenzalischer Sturm&lt;br/&gt;Alle Bände sind eigenständige Fälle und können unabhängig voneinander gelesen werden.</marc:subfield>
   </marc:datafield>
   <marc:datafield ind1=" " ind2=" " tag="020">
      <marc:subfield code="a">9783734110160</marc:subfield>
      <marc:subfield code="9">9783734110160</marc:subfield>
   </marc:datafield>
   <marc:datafield ind1=" " ind2=" " tag="041">
      <marc:subfield code="a">ger</marc:subfield>
   </marc:datafield>
   <marc:datafield ind1="1" ind2=" " tag="521">
      <marc:subfield code="a">12</marc:subfield>
   </marc:datafield>
   <marc:datafield ind1=" " ind2=" " tag="300">
      <marc:subfield code="a">368 Seiten</marc:subfield>
   </marc:datafield>
</marc:record>
